Tous les cyclistes britanniques du Tour de France(2001-2020) - Statistiques

Statistiques générales
  • Ce quiz a été pris 181 fois
    97 depuis la dernière actualisation
  • Le résultat moyen est 11 sur 25
Statistiques - réponses
Nb de Tours Equipes Cycliste Meilleur classement Victoire(s) d'étape % Correct
10 Barloworld, Sky, Israel Christopher Froome 1er 7
99%
12 Barloworld, Sky, Ineos Geraint Thomas 1er 3
96%
13 T-Mobile, Columbia, Highroad, Sky, Quick Step, Dimension Data Mark Cavendish 130e 34
95%
6 Orica, Mitchelton Adam Yates 4e
93%
5 Orica, Mitchelton, BikeExchange Simon Yates 7e 2
93%
6 Cofidis, Garmin, Sky Bradley Wiggins 1er 2
89%
8 Sky, Ineos Luke Rowe 106e
66%
2 Sky, UAE Emirates Ben Swift 83e
52%
3 Arkéa-Samsic Connor Swift 70e
52%
1 Ineos Tom Pidcock 17e 1
51%
3 Fortuneo, Arkéa Daniel McLay 170e
49%
11 Cofidis, Saunier Duval, Garmin David Millar 55e 3
49%
6 Sky, BMC, MTN-Qhubeka, Dimension Data Steve Cummings 86e 2
46%
2 Bahrain Fred Wright 55e
37%
3 Sky Ian Stannard 128e
37%
1 Ineos Tao Geoghegan Hart 60e
29%
1 EF Pro Cycling Hugh Carthy 37e
28%
2 Movistar, Katusha Alex Dowsett 151e
24%
2 Sky Peter Kennaugh 77e
17%
1 EF Education Owain Doull 90e
14%
3 Liquigas, Lotto Charles Wegelius 45e
10%
1 DSM Mark Donovan 45e
10%
1 Dimension Data Scott Thwaites 107e
6%
1 Cervélo Test Daniel Lloyd 164e
4%
1 Cervélo Test Jeremy Hunt 163e
4%
Aucun quiz correspondant
Distribution des résultats
% des personnes avec chaque résultat
Percentile par nombre de réponses
Votre historique - résultats
Vous n’avez pas pris ce quiz depuis la dernière actualisation